1423 1854 1502 1821 1966 1917 1905 1180 1506 1805 1916 1511 1655 1665 1844 1190 1998 1839 1607 1190 1497 1883 1069 1502 1998 1732 1295 1499 1552 1847 1859 1661 1081 1357 1160 1262 1655 1059 1207 1300 1868 1118 1275 1113 1782 1222 1998 1497 1384 1769 1402 1201 1175 1781 1823 1588 1114 1854 1324 1217 1928 1746 1323 1004 1097 1251 1804 1556 1714 1361 1419 1226 1656 1923 1046 1085 1579 1899 1074 1608 1677 1672 1311 1459 1566 1561 1770 1517 1867 1405 1579 1887 1322 1058 1689 1569 1526 1846 1470 BCNSPRNW ULIB Ver.6.0+V

เปลี่ยนเป็นภาษาไทย

Change to English
 แสดงรายละเอียดบรรณานุกรม
  กลับหน้าหลัก

Brief Record : Get Marc (ISO 2709) : E-mail record : QR code < ปิดหน้าต่าง
LEADER : 00000nam 2200000uu 4500
001    13399126570
003     ULIB
008    181113s2561||||th 000 0 tha d
020    ^a9786167741352
040    ^absi
060 04 ^aWB100^bว896
100 0  ^aบรรณาธิการ, จิระพงษ์ อังคะรา ... [และคนอื่นๆ]
245 00 ^aเวชศาสตร์เขตเมืองเชิงประยุกต์ =^bApplied urban medicine /^cบรรณาธิการ, จิระพงษ์ อังคะรา ... [และคนอื่นๆ]
246 31 ^aApplied urban medicine
250    ^aพิมพ์ครั้งที่ 1
260    ^aกรุงเทพฯ :^bคณะแพทยศาสตร์วชิรพยาบาล มหาวิทยาลัยนวมินทราธิราช,^c2561
300    ^a347 หน้า :^bภาพประกอบ ;^c26 ซม.
650  4 ^aการรักษาโรค
650  4 ^aการดูแลผู้ป่วย
650  4 ^aการบริหารองค์ความรู้
650  4 ^aโรค^xการป้องกันและควบคุม
650  4 ^aเวชศาสตร์ชุมชน
653    ^aเวชศาสตร์เขตเมือง
700 0  ^aจิระพงษ์ อังคะรา,^cบรรณาธิการ
700 0  ^aสาธิต คูระทอง,^cบรรณาธิการ
700 0  ^aชาดากานต์ ผโลประการ,^cบรรณาธิการ
700 0  ^aเกรียงศักดิ์ ฟูนิลกุล,^cบรรณาธิการ
700 0  ^aปิยนันท์ เกื้อสกูล,^cบรรณาธิการ
710 2  ^aมหาวิทยาลัยนวมินทราธิราช.^bคณะแพทยศาสตร์วชิรพยาบาล
945    ^p300^l0^i004771
999    ^aประนอม เกษจรัล
รายการนี้ยังไม่มีแท็ก
คุณยังไม่ได้ล็อกอิน คุณสามารถมีกิจกรรมร่วมกับเว็บไซต์ได้ แต่ต้องล็อกอินก่อน ::
  ล็อกอิน

รายการสื่อสารสนเทศ

ลำดับที่ ประเภท เลขเรียก/บาร์โค้ด สถานที่ สถานะ
1. วิทยาศาสตร์การแพทย์ และสุขภาพ
วิทยาศาสตร์การแพทย์ และสุขภาพ
WB100 ว896 ฉ.1 
  Barcode: 004771
ห้องสมุดวิทยาเขตสวรรค์ประชารักษ์
►หนังสือทั่วไป
บนชั้น

รายการใกล้เคียง
    หัวเรื่อง [การรักษาโรค]
    หัวเรื่อง [การดูแลผู้ป่วย]
    หัวเรื่อง [การบริหารองค์ความรู้]
    หัวเรื่อง [เวชศาสตร์ชุมชน]

BibComment


ยังไม่เคยถูกคอมเมนท์

คอมเมนท์ทรัพยากรรายการนี้
  คอมเมนท์: เวชศาสตร์เขตเมือ..


 Copyright 2026. Bcnsprnw @Library